Central Library OPAC University of Rajshahi

Progress in operations research / (Record no. 51635)

MARC details
000 -LEADER
fixed length control field 01007nam a2200313 a 4500
001 - CONTROL NUMBER
control field 51635
003 - CONTROL NUMBER IDENTIFIER
rucl marc code BD-RjUL
005 - DATE AND TIME OF LATEST TRANSACTION
control field 20211209075706.0
008 - FIXED-LENGTH DATA ELEMENTS--GENERAL INFORMATION
fixed length control field 160901s1969 nyua b 00100 eng d
020 ## - INTERNATIONAL STANDARD BOOK NUMBER
International Standard Book Number 0471033553 (v. 3)
035 ## - SYSTEM CONTROL NUMBER
System control number (BD-RjUL)51755
System control number (CStRLIN)NMLI91-B2859
040 ## - CATALOGING SOURCE
Original cataloging agency MUL
Transcribing agency MUL
Modifying agency MiU
-- NjR
-- NIC
-- NmLaS
-- BD-RjUL
Language of cataloging eng
041 ## - LANGUAGE CODE
Language code of text/sound track or separate title eng
082 ## - DEWEY DECIMAL CLASSIFICATION NUMBER
Classification number 519.9
Edition number 23
Author mark and year PRO 1969
245 00 - TITLE STATEMENT
Title Progress in operations research /
Statement of responsibility, etc. Julius S. Aronofsky
260 0# - PUBLICATION, DISTRIBUTION, ETC. (IMPRINT)
Place of publication, distribution, etc. New York :
Name of publisher, distributor, etc. Wiley & sons,
Date of publication, distribution, etc. 1969.
300 ## - PHYSICAL DESCRIPTION
Pagination Vol. :
Illustrations ill. ;
Size 24 cm.
490 ## - SERIES STATEMENT
Series statement Publication in operation research ;
Volume/sequential designation no.16
500 ## - GENERAL NOTE
General note Includes Index
505 ## - FORMATTED CONTENTS NOTE
Formatted contents note Vol. 3. --
650 #0 - SUBJECT ADDED ENTRY--TOPICAL TERM
Topical term or geographic name as entry element Operations research.
9 (RLIN) 154347
Topical term or geographic name as entry element System analysis.
9 (RLIN) 154348
Topical term or geographic name as entry element Management
General subdivision Research.
9 (RLIN) 150458
700 1# - ADDED ENTRY--PERSONAL NAME
Personal name Aronofsky, Julius S.
710 2# - ADDED ENTRY--CORPORATE NAME
Corporate name or jurisdiction name as entry element Operations Research Society of America.
9 (RLIN) 118271
830 #0 - SERIES ADDED ENTRY--UNIFORM TITLE
Uniform title Publications in operations research ;
Volume number/sequential designation no. 16
942 ## - ADDED ENTRY ELEMENTS (KOHA)
Source of classification or shelving scheme Dewey Decimal Classification
Koha item type Books
Holdings
Lost status Source of classification or shelving scheme Damaged status Not for loan Collection code Permanent Location Current Location Shelving location Date acquired Source of acquisition Cost, normal purchase price Total Checkouts Full call number Date last seen Copy number Koha item type
  Dewey Decimal Classification     Non-fiction Central Library, University of Rajshahi Central Library, University of Rajshahi   30/05/1974 National book agency 202.50   519.9 PRO V-3 1969 01/09/2016 C-3 Books